| 000 | 00463 a2200157 4500 | ||
|---|---|---|---|
| 005 | 20250620104734.0 | ||
| 020 | _a-13:978-0-07-293425-0 | ||
| 082 | _a658.3[dc22] FUN | ||
| 100 | _aNOE. R. A. | ||
| 245 | _aFundamental of Human Resource Management. | ||
| 250 | _a2nd Ed, | ||
| 260 |
_aNew York, _bMc Graw Hill, _c2008. |
||
| 300 |
_axxix, 594p.; ill.; figure picture & table _bIndex _c27CM |
||
| 700 | _aHOLLENBECK. J. R, GERHART, B, WRIGHT.P.M. | ||
| 942 |
_2ddc _cBKS |
||
| 999 |
_c4512 _d4512 |
||